000 00624nam a2200253Ia 4500
003 OSt
005 20220912150450.0
006 a|||||r|||| 00| 0
007 ta
008 220909b |||||||| |||| 00| 0 eng d
024 _a43280
037 _cTextual
040 _aCSL
_beng
_cCSL
041 _aeng
082 _aG116:66, L0
100 _aOhno Susumu
245 0 _aEvolution by gene duplication
260 _aLondon
_bGeorge Allen & Unwin
_c1970
300 _axv, 169p,.
650 _a Gene
650 _aBiology
942 _hG116:66, L0
_cTEXL
_2CC
999 _c48113
_d48113